Flood frequency of the Savannah River at Augusta, Georgia /

Bibliographic Details
Main Author: Sanders, C. L. (Curtis L.) (Author)
Corporate Author: United States. Army. Corps of Engineers
Format: Government Document eBook
Language:English
Published: Columbia, South Carolina : U.S. Geological Survey, 1990.
Series:Water-resources investigations report ; 90-4024.
Subjects:
Online Access:https://purl.fdlp.gov/GPO/gpo137180

MARC

Tag First Indicator Second Indicator Subfields
LEADER 00000cam a2200000 i 4500
001 in00004275503
005 20211120105452.0
006 m o d f
007 cr bn|||||||||
008 170306s1990 scuab ob f000 0 eng c
035 |a (OCoLC)ocn974646785 
042 |a pcc 
043 |a n-us-ga 
040 |a COP  |b eng  |e rda  |e pn  |c COP  |d OCLCO  |d OCLCF  |d OCLCA  |d GPO  |d MvI 
049 |a WWW 
074 |a 0624-B-05 (online) 
086 0 |a I 19.42/4:90-4024 
100 1 |a Sanders, C. L.  |q (Curtis L.),  |e author. 
245 1 0 |a Flood frequency of the Savannah River at Augusta, Georgia /  |c by Curtis L. Sanders, Jr. [and three others]. 
264 1 |a Columbia, South Carolina :  |b U.S. Geological Survey,  |c 1990. 
300 |a 1 online resource (vi, 87 pages) :  |b illustrations, maps. 
336 |a text  |b txt  |2 rdacontent 
337 |a computer  |b c  |2 rdamedia 
338 |a online resource  |b cr  |2 rdacarrier 
490 1 |a Water-resources investigations report ;  |v 90-4024 
500 |a "Prepared by U.S. Geological Survey and U.S. Army Corps of Engineers." 
504 |a Includes bibliographical references (pages 84-87). 
588 |a Description based on online resource; title from PDF title page (USGS viewed Nov. 12, 2015). 
650 0 |a Flood forecasting  |z Savannah River (Ga. and S.C.) 
650 0 |a Flood forecasting  |z Georgia  |z Augusta Region. 
650 0 |a Floods  |z Georgia  |z Augusta Region. 
650 7 |a Flood forecasting.  |2 fast  |0 (OCoLC)fst00927522 
650 7 |a Floods.  |2 fast  |0 (OCoLC)fst00927573 
651 7 |a Georgia  |z Augusta Region.  |2 fast  |0 (OCoLC)fst01344869 
651 7 |a United States  |z Savannah River.  |2 fast  |0 (OCoLC)fst01310308 
710 2 |a Geological Survey (U.S.),  |e issuing body. 
710 1 |a United States.  |b Army.  |b Corps of Engineers. 
776 0 8 |i Print version:  |t Flood frequency of the Savannah River at Augusta, Georgia  |w (OCoLC)21403297 
776 0 8 |i Microfiche version:  |t Frequency of the Savannah River at Augusta, Georgia  |w (OCoLC)26047222 
830 0 |a Water-resources investigations report ;  |v 90-4024. 
856 4 0 |u https://purl.fdlp.gov/GPO/gpo137180  |t 0 
999 f f |s 55be16f2-fa3c-3735-968f-8b34a25cf4f4  |i e14a965b-3683-393e-bad5-e74b4a39ef01  |t 0 
952 f f |a Texas A&M University  |b College Station  |c Electronic Resources  |d Available Online  |t 0  |e I 19.42/4:90-4024  |h Superintendent of Documents classification 
998 f f |a I 19.42/4:90-4024  |t 0  |l Available Online